书目信息 |
| 题名: |
丰田的秘密
|
|
| 作者: | 若士富士雄 , 杉本忠明 著 ;李孙华 译 | |
| 分册: | ||
| 出版信息: | 北京 北京出版社 1978 |
|
| 页数: | 198页 | |
| 开本: | 19cm | |
| 丛书名: | ||
| 单 册: | ||
| 中图分类: | F431.364 , F03 | |
| 科图分类: | ||
| 主题词: | 工业企业管理-丰田汽车公司 , 资本主义社会--生产方式 | |
| 电子资源: | ||
| ISBN: | ||
| 000 | 00810nam0 2200277 450 | |
| 001 | 1560135275 | |
| 005 | 20150128164245.28 | |
| 010 | @dCNY0.52 | |
| 091 | @a4071.38 | |
| 100 | @a19950716d1978 em y0chiy0110 ea | |
| 101 | 1 | @achi@cjpn |
| 102 | @aCN@b110000 | |
| 105 | @ay z 000yy | |
| 200 | 1 | @a丰田的秘密@9feng tian de mi mi@f(日)若士富士雄,(日)杉本忠明同著@g李孙华等译 |
| 210 | @a北京@c北京出版社@d1978 | |
| 215 | @a198页@d19cm | |
| 601 | 0 | @a丰田汽车公司@x工业企业管理 |
| 606 | 0 | @a工业企业管理-丰田汽车公司 |
| 606 | 0 | @a资本主义社会@x生产方式 |
| 690 | @aF431.364@v5 | |
| 690 | @aF03@v4 | |
| 701 | 0 | @a若士富士雄@9ruo shi fu shi xiong@4著 |
| 701 | 0 | @c(日)@a杉本忠明@9shan ben zhong ming@4著 |
| 702 | 0 | @a李孙华@9li sun hua@4译 |
| 801 | 0 | @aCN@bTSSF@c20150128 |
| 905 | @aZUCC@dF03@eJY5 | |
| 丰田的秘密/(日)若士富士雄,(日)杉本忠明同著/李孙华等译.-北京:北京出版社,1978 |
| 198页;19cm |
| ISBN :CNY0.52 |
| ● |
| 相关链接 |
|
|
|
|
正题名:丰田的秘密
索取号:F03/JY5
 
预约/预借
| 序号 | 登录号 | 条形码 | 馆藏地/架位号 | 状态 | 备注 |
| 1 | 7837748 | 278377481 | 学院路分馆/ [索取号:F03/JY5] | 在馆 | |
| 2 | 7837749 | 278377490 | 学院路分馆/ [索取号:F03/JY5] | 在馆 | |
| 3 | 7837750 | 278377506 | 学院路分馆/ [索取号:F03/JY5] | 在馆 |